| 000 | 00000nam 2200000za 4500 |
| 001 | 9.644495 |
| 003 | CaOODSP |
| 005 | 20210615112511 |
| 007 | ta |
| 008 | 150407s1992||||xxc||||| f|0| 0 eng d |
| 020 | |a0-8020-5022-0 |
| 040 | |aCaOODSP|beng |
| 043 | |an-cn--- |
| 086 | 1 |aSA2-228/1991E |
| 110 | 2 |aNational Archives of Canada. |
| 245 | 10|aTreasures of the National Archives of Canada |
| 260 | |aToronto - Ontario : |bNational Archives of Canada |c1992. |
| 300 | |a368p. : |billus. (some coloured) ; |c31 cm. |
| 500 | |aContents: Charting the waters, mapping the land, designing its structures: cartographic, architectural, and engineering records.--Canada through the artist's eye: documentary art records.--The stages of a postage stamp: philatelic records.--The official record of Canada's past: government records.--The private record of Canada's past: manuscripts and private records.--Tracing ancestors: genealogical records.--Technologies of the twentieth century: moving image and sound records.--Canada through the camera: photographic records.--Preserving the record of the past.--Index. Co-published by the University of Toronto Press in cooperation with the National Archives of Canada and the Canada Communications Group - Publishing, Supply and Services Canada. Also available from the University of Toronto Press. |
| 520 | 3 |aBrings together a selection of some of the most valued documents of Canada’s past. |
| 563 | |aClothbound |
| 590 | |a92-36|b1992-09-04 |
| 775 | 08|tTrésors des Archives nationales du Canada |w(CaOODSP)9.678332 |
| 776 | 0#|tTreasures of the National Archives of Canada / |w(CaOODSP)9.889711 |